Mental health counselors at work/ (Record no. 1269)

MARC details
000 -LEADER
fixed length control field 01114cam a2200337 4500
005 - DATE AND TIME OF LATEST TRANSACTION
control field 20260322212053.0
008 - FIXED-LENGTH DATA ELEMENTS--GENERAL INFORMATION
fixed length control field data
010 ## - LIBRARY OF CONGRESS CONTROL NUMBER
LC control number 68029477 //r91
020 ## - INTERNATIONAL STANDARD BOOK NUMBER
International Standard Book Number 0080064221
020 ## - INTERNATIONAL STANDARD BOOK NUMBER
International Standard Book Number 9780080064222
040 ## - CATALOGING SOURCE
Original cataloging agency DLC
Transcribing agency DLC
Modifying agency YUS
-- YUS
049 ## - LOCAL HOLDINGS (OCLC)
Holding library YU31
050 00 - LIBRARY OF CONGRESS CALL NUMBER
Classification number RA790.5
Item number .M27 1969
096 ## - LOCALLY ASSIGNED NLM-TYPE CALL NUMBER (OCLC)
Classification number WM 30 M275 1969
001 - CONTROL NUMBER
control field data
100 1# - MAIN ENTRY--PERSONAL NAME
Personal name Magoon, Thomas M.,
Dates associated with a name 1922-
245 10 - TITLE STATEMENT
Title Mental health counselors at work/
Statement of responsibility, etc. Thomas M. Magoon, Stuart E. Golann & Robert W. Freeman.
260 ## - PUBLICATION, DISTRIBUTION, ETC.
Place of publication, distribution, etc. New York,
Name of publisher, distributor, etc. Pergamon Press
Date of publication, distribution, etc. [1969]
300 ## - PHYSICAL DESCRIPTION
Extent ix, 210 p.
Other physical details illus., forms.
Dimensions 21 cm.
440 #0 - SERIES STATEMENT/ADDED ENTRY--TITLE
Title Pergamon general psychology series
500 ## - GENERAL NOTE
General note "NIMH Mental Health Project grant no. 5-R11-MH-01070."
504 ## - BIBLIOGRAPHY, ETC. NOTE
Bibliography, etc. note Bibliography: p. 131-133.
590 ## - LOCAL NOTE (RLIN)
Local note Bibliography: p.131-133.
590 ## - LOCAL NOTE (RLIN)
Local note Supported by NIMH mental health project grant no. 5-R11-MH-01070.
650 #0 - SUBJECT ADDED ENTRY--TOPICAL TERM
Topical term or geographic name entry element Mental health
General subdivision Study and teaching.
650 #2 - SUBJECT ADDED ENTRY--TOPICAL TERM
Topical term or geographic name entry element Counseling.
650 #2 - SUBJECT ADDED ENTRY--TOPICAL TERM
Topical term or geographic name entry element Health Manpower.
650 #2 - SUBJECT ADDED ENTRY--TOPICAL TERM
Topical term or geographic name entry element Mental Health Services.
700 1# - ADDED ENTRY--PERSONAL NAME
Personal name Golann, Stuart E.
700 1# - ADDED ENTRY--PERSONAL NAME
Personal name Freeman, Robert W.
Dates associated with a name 1929-
Fuller form of name (Robert Whiting),
Holdings
Withdrawn status Lost status Damaged status Not for loan Home library Current library Shelving location Date acquired Total checkouts Full call number Barcode Date last seen Price effective from Koha item type
        Riverside Riverside General stacks 22/03/2026   RA790.5 .M27 1969 BC0011311 22/03/2026 22/03/2026 Books